Online
Catalog

Goya / (Record no. 21485)

MARC details
000 -CABECERA
campo de control de longitud fija 00655nam a2200205 a 4500
001 - NÚMERO DE CONTROL
campo de control 000021987
005 - FECHA Y HORA DE LA ÚLTIMA TRANSACCIÓN
campo de control 20200930011531.0
008 - DATOS DE LONGITUD FIJA--INFORMACIÓN GENERAL
campo de control de longitud fija 100915s1968 sp r 000 0 spa d
040 ## - FUENTE DE LA CATALOGACIÓN
Centro catalogador/agencia de origen DO-SdBNP
Lengua de catalogación spa
Centro/agencia transcriptor BNPHU
082 ## - NÚMERO DE LA CLASIFICACIÓN DECIMAL DEWEY
Número de clasificación 927.750
Número de documento/Ítem G724Ó
049 ## - FONDOS LOCALES (OCLC)
Fondos de biblioteca BNGR
100 1# - ENTRADA PRINCIPAL--NOMBRE DE PERSONA
Nombre de persona Olmo, D. del
9 (RLIN) 25635
245 10 - MENCIÓN DE TÍTULO
Título Goya /
Mención de responsabilidad, etc. D. del Olmo.
260 ## - PUBLICACIÓN, DISTRIBUCIÓN, ETC.
Lugar de publicación, distribución, etc. Barcelona :
Nombre del editor, distribuidor, etc. Editorial Ramón Sopena,
Fecha de publicación, distribución, etc. 1968.
300 ## - DESCRIPCIÓN FÍSICA
Extensión 166, [8] p. ;
Dimensiones 18 cm.
490 1# - MENCIÓN DE SERIE
Mención de serie Biblioteca sopena
Designación de volumen o secuencia 89-9
650 #4 - PUNTO DE ACCESO ADICIONAL DE MATERIA--TÉRMINO DE MATERIA
Término de materia o nombre geográfico como elemento de entrada Goya y lucientes, francisco de,
Fechas vigentes 1746-1828
Subdivisión general Biografías
9 (RLIN) 45578
650 #4 - PUNTO DE ACCESO ADICIONAL DE MATERIA--TÉRMINO DE MATERIA
Término de materia o nombre geográfico como elemento de entrada Pintores franceses
Subdivisión general Biografías
Subdivisión cronológica SIGLO XIX
9 (RLIN) 45579
830 #0 - PUNTO DE ACCESO ADICIONAL DE SERIE-TÍTULO UNIFORME
Título uniforme Biblioteca sopena ;
Designación de volumen o secuencia 89-4
9 (RLIN) 12815
Holdings
Estado de retiro Estado de pérdida Restricciones de uso No para préstamo Código de colección Localización permanente Ubicación/localización actual Ubicación en estantería Fecha de adquisición Número de inventario Total de préstamos Signatura topográfica completa Código de barras Fecha visto por última vez Precio válido a partir de Tipo de ítem Koha
        Monografías: Libros y Folletos General General En catalogación 15.09.2010 LF1   927.750 G724Ó 21987-10 25.06.2020 25.06.2020 Préstamo en sala

Powered by Koha